Phagun / (Record no. 47180)

MARC details
000 -LEADER
fixed length control field 01132njm a22002897a 4500
005 - DATE AND TIME OF LATEST TRANSACTION
control field 20100913100347.0
007 - PHYSICAL DESCRIPTION FIXED FIELD--GENERAL INFORMATION
fixed length control field sd ammalaaahaa
008 - FIXED-LENGTH DATA ELEMENTS--GENERAL INFORMATION
fixed length control field 100913t xxu||||| |||| 00| 0 hin d
028 ## - PUBLISHER NUMBER
Publisher number HFLP. 3529
Source His Master's Voice
035 ## - SYSTEM CONTROL NUMBER
System control number GR-04524
040 ## - CATALOGING SOURCE
Original cataloging agency SED/VEN
100 ## - MAIN ENTRY--PERSONAL NAME
9 (RLIN) 19606
Personal name Bhosle, Asha
245 ## - TITLE STATEMENT
Title Phagun /
Medium [sound recording] :
Statement of responsibility, etc by Asha Bhosle & Mohd. Rafi ; music by O. P. Nayyar ; lyric by Qamar Jalalabadi
246 ## - VARYING FORM OF TITLE
Title proper/short title फागुन (आशा भोसले)
260 ## - PUBLICATION, DISTRIBUTION, ETC. (IMPRINT)
Place of publication, distribution, etc Dum Dum, India
Name of publisher, distributor, etc His Master's Voice
Date of publication, distribution, etc 1989
300 ## - PHYSICAL DESCRIPTION
Extent 1 sound disc [Gramophone record] :
Other physical details analog, 33.1/3 rpm
Dimensions 12 in. (LP)
Type of unit Gramophone record
500 ## - GENERAL NOTE
General note Brief record.
500 ## - GENERAL NOTE
General note His Master's Voice
500 ## - GENERAL NOTE
General note Orange
505 ## - FORMATTED CONTENTS NOTE
Formatted contents note Part.1 Ek pardesi mera dil le gaya (Phagun) (Asha Bhosle & Mohd. Rafi), Part. 2 Piya piya piya
650 ## - SUBJECT ADDED ENTRY--TOPICAL TERM
General subdivision Excerpts
Geographic subdivision India
9 (RLIN) 19607
Form subdivision Filmi song
Topical term or geographic name as entry element Classical music
700 ## - ADDED ENTRY--PERSONAL NAME
9 (RLIN) 20331
Personal name Mohd. Rafi
700 ## - ADDED ENTRY--PERSONAL NAME
Personal name Nayyar, O. P.
9 (RLIN) 20881
700 ## - ADDED ENTRY--PERSONAL NAME
Personal name Qamar Jalalabadi
9 (RLIN) 20894
942 ## - ADDED ENTRY ELEMENTS (KOHA)
Source of classification or shelving scheme Dewey Decimal Classification
Item type Gramaphone Records
Holdings
Withdrawn status Lost status Source of classification or shelving scheme Damaged status Not for loan Home library Current library Date acquired Source of acquisition Total Checkouts Barcode Date last seen Copy number Price effective from Koha item type
    Dewey Decimal Classification   Not For Loan Central Library Central Library 21/09/2010 SED/VEN   GR-04524 21/09/2010 1 21/09/2010 Gramaphone Records

© Delhi Public Library
Hit Counter
free hit counter